Turning points of the Civil War / (Record no. 28217)
[ view plain ]
| 000 -LEADER | |
|---|---|
| fixed length control field | 00773nam a22002411a 4500 |
| 001 - CONTROL NUMBER | |
| control field | 28217 |
| 003 - CONTROL NUMBER IDENTIFIER | |
| rucl marc code | BD-RjUL |
| 005 - DATE AND TIME OF LATEST TRANSACTION | |
| control field | 20211209051243.0 |
| 008 - FIXED-LENGTH DATA ELEMENTS--GENERAL INFORMATION | |
| fixed length control field | 140329r19741966nbu b 001 0 eng d |
| 035 ## - SYSTEM CONTROL NUMBER | |
| System control number | (BD-RjUL)28298 |
| -- | (OCoLC)951485 |
| 040 ## - CATALOGING SOURCE | |
| Original cataloging agency | LC |
| Language of cataloging | eng |
| Transcribing agency | LC |
| Modifying agency | ABN:1 |
| -- | BD-RjUL |
| 041 ## - LANGUAGE CODE | |
| Language code of text/sound track or separate title | eng |
| 082 00 - DEWEY DECIMAL CLASSIFICATION NUMBER | |
| Classification number | 973.7 |
| Author mark and year | RAT 1974 |
| 100 1# - MAIN ENTRY--PERSONAL NAME | |
| Personal name | Rawley, James A. |
| 9 (RLIN) | 86409 |
| 245 10 - TITLE STATEMENT | |
| Title | Turning points of the Civil War / |
| Statement of responsibility, etc. | by James A. Rawley. |
| 260 ## - PUBLICATION, DISTRIBUTION, ETC. (IMPRINT) | |
| Place of publication, distribution, etc. | Lincoln : |
| Name of publisher, distributor, etc. | University of Nebraska Press, |
| Date of publication, distribution, etc. | 1966 [reissued 1974]. |
| 300 ## - PHYSICAL DESCRIPTION | |
| Pagination | ix, 230 p. : |
| Illustrations | map (on lining papers) ; |
| Size | 22 cm. |
| 504 ## - BIBLIOGRAPHY, ETC. NOTE | |
| Bibliography, etc | Bibliography: p. 213-219. and index. |
| 651 #0 - SUBJECT ADDED ENTRY--GEOGRAPHIC NAME | |
| Geographic name | United States |
| General subdivision | History |
| Chronological subdivision | Civil War, 1861-1865. |
| 9 (RLIN) | 86410 |
| 942 ## - ADDED ENTRY ELEMENTS (KOHA) | |
| Source of classification or shelving scheme | Dewey Decimal Classification |
| Koha item type | Books |
| Lost status | Source of classification or shelving scheme | Damaged status | Not for loan | Collection code | Permanent Location | Current Location | Shelving location | Date acquired | Source of acquisition | Total Checkouts | Full call number | Date last seen | Copy number | Koha item type |
|---|---|---|---|---|---|---|---|---|---|---|---|---|---|---|
| Dewey Decimal Classification | Added to bundle | Non-fiction | Central Library, University of Rajshahi | Central Library, University of Rajshahi | Reading Room | 31/10/1992 | Asia Foundation, Gift. | 973.7 RAT 1974 | 29/03/2014 | C-1 | Books |